Ergodentheorie /
Guardado en:
| Autor Principal: | |
|---|---|
| Formato: | Libro |
| Idioma: | German |
| Publicado: |
New York :
Chelsea,
1948.
|
| Series: | Ergebnisse der Mathematik und ihrer Grenzgebiete ;
2 |
| Etiquetas: |
Agregar Etiqueta
Sin Etiquetas, Sea el primero en etiquetar este registro!
|
| LEADER | 00505nam a22001575a 4500 | ||
|---|---|---|---|
| 001 | MAT.inmabb000653 | ||
| 008 | 031118s19481937nyu###########001#0#ger#d | ||
| 005 | 20170802121007.0 | ||
| 245 | 1 | 0 | |a Ergodentheorie / |c von Eberhard Hopf. |
| 260 | |a New York : |b Chelsea, |c 1948. | ||
| 300 | |a iv, 83 p. | ||
| 440 | 0 | |a Ergebnisse der Mathematik und ihrer Grenzgebiete ; |v 2 | |
| 500 | |a Reproducción de la edición original de 1937. | ||
| 100 | 1 | |a Hopf, Eberhard. | |
| 084 | |a 28DXX |2 msc2000 | ||
| 859 | |h 28 |i H792 |p A-451 |b BIB. MATEMATICA | ||
